Устройство управления тепловым режимом для печи разложения флюоритового концентрата; Современные техника и технологии

Bibliographische Detailangaben
Parent link:Современные техника и технологии.— 1997.— С. 76-77.
1. Verfasser: Новиков А. В.
Weitere Verfasser: Ливенцов С. Н. Сергей Николаевич
Sprache:Russisch
Veröffentlicht: 1997
Schlagworte:
Format: MixedMaterials Buchkapitel
KOHA link:https://koha.lib.tpu.ru/cgi-bin/koha/opac-detail.pl?biblionumber=50267

MARC

LEADER 00000naa2a2200000 4500
001 50267
005 20231225111656.0
035 |a (RuTPU)RU\TPU\book\52636 
035 |a RU\TPU\book\52605 
090 |a 50267 
100 |a 20030411d1997 k y0rusy50 ca 
101 0 |a rus 
102 |a RU 
200 1 |a Устройство управления тепловым режимом для печи разложения флюоритового концентрата  |f А. В. Новиков, С. Н. Ливенцов 
463 1 |0 (RuTPU)RU\TPU\book\13018  |t Современные техника и технологии  |o Труды 3-ей областной научно-практической конференции студентов, аспирантов и молодых ученых, 25-28 марта 1997 г., г. Томск  |f Томский политехнический университет  |v С. 76-77.  |d 1997  |p 148 с. 
610 1 |a труды учёных ТПУ 
675 |a 62.001.5(063)  |v 3 
700 1 |a Новиков  |b А. В. 
701 1 |a Ливенцов  |b С. Н.  |c специалист в области автоматического управления  |c профессор Томского политехнического университета, доктор технических наук  |f 1955-  |g Сергей Николаевич  |3 (RuTPU)RU\TPU\pers\25467  |9 11406 
801 1 |a RU  |b 63413507  |c 20030409  |g PSBO 
801 2 |a RU  |b 63413507  |c 20150813  |g PSBO 
942 |c BK